Drahý pane Kolář-. [Kn. 1], 1991-1993 /

Hlavní autor: Vaculíková, Madla, 1925-2020
Další autoři: Kolář, Jiří, 1914-2002, Jadrný, Karel, 1946-
Jazyk: Čeština
Vydáno: Praha : Arkýř :Mladá fronta, 1994
Vydání: 1. vyd.
Témata:
Externí odkaz: Digitalizovaný dokument
Fyzický popis: 178 s., barev. obr. příl., příl.
Knihy
Uloženo v:
LEADER 02131nam a2200529 a 4500
001 000002634
003 CZ BrMZK
005 20240919115032.0
007 ta
008 941116s1994 xr e iccze d
015 |a cnb000092742 
020 |a 80-204-0487-2  |c 95.00 
040 |a BOA001  |b cze 
043 |a e-xr--- 
045 |a x9x9 
072 7 |a 82  |x Literatura. Literární život  |2 Konspekt  |9 11 
072 7 |a 929  |x Biografie  |2 Konspekt  |9 8 
080 |a 82-051-058.833  |2 MRF 
080 |a 72/76.071.1  |2 MRF 
080 |a 929  |2 MRF 
080 |a (437.3)  |2 MRF 
080 |a (044)  |2 MRF 
100 1 |a Vaculíková, Madla,  |d 1925-2020  |7 jn19990209953  |4 aut 
245 1 0 |a Drahý pane Kolář-.  |n [Kn. 1], 1991-1993 /  |c Madla Vaculíková ; Ed. přípr. Karel Jadrný ; Koláže Jiří Kolář 
250 |a 1. vyd. 
260 |a Praha :  |b Arkýř :  |b Mladá fronta,  |c 1994 
300 |a 178 s., barev. obr. příl., příl. 
600 1 7 |a Vaculíková, Madla,  |d 1925-2020  |7 jn19990209953  |2 czenas 
600 1 7 |a Kolář, Jiří,  |d 1914-2002  |7 jk01061244  |2 czenas 
648 4 |a 1991-1993 
648 7 |a 20. století  |7 ch460558  |2 czenas 
648 7 |a 20.-21. století  |7 ch462155  |2 czenas 
650 0 7 |a manželky spisovatelů  |7 ph122620  |z Česko  |y 20.-21. století  |2 czenas 
650 0 7 |a výtvarní umělci  |7 ph116709  |z Česko  |y 20.-21. století  |2 czenas 
650 0 9 |a authors’ spouses  |z Czechia  |y 20th-21st centuries  |2 eczenas 
650 0 9 |a artists  |z Czechia  |y 20th-21st centuries  |2 eczenas 
655 7 |a korespondence  |7 fd132681  |2 czenas 
655 9 |a correspondence  |2 eczenas 
700 1 |a Kolář, Jiří,  |d 1914-2002  |7 jk01061244  |4 ill 
700 1 |a Jadrný, Karel,  |d 1946-  |7 xx0059551  |4 edt 
856 4 1 |u http://www.digitalniknihovna.cz/mzk/uuid/uuid:95bf9340-5fad-11e6-8e4e-005056827e51  |y Digitalizovaný dokument 
910 |a BOA001  |b 2-1003.600,1  |b PK-0121.597 
920 |a 000044852 
990 |a BK 
991 |b 202311 
996 6 |b 2610588747  |c 2-1003.600,1  |l MZK  |r Sklad / do 1 hodiny  |n 2  |p dar  |w 000002634  |u 000020  |a 1  |e BOA001  |j MZK50  |s P 
996 7 |b 3119984746  |c PK-0121.597  |l MZK  |r Sklad / do 1 hodiny  |n 31  |w 000002634  |u 000030  |a 1  |e BOA001  |j MZK50  |s A